[Event "Tourn. n9836"]
[Site "www.echecsemail.com"]
[Date "2018.06.21"]
[Round "1"]
[White "Tonino1"]
[Black "Tartan"]
[WhiteElo "2210"]
[BlackElo "2500"]
[Result "0-1"]
[Round "1"]
1.d4 Ng8f6
2.g4 Nf6xg4
3.e4 d6
4.Bf1e2 Ng4f6
5.Nb1c3 Nb8d7
6.Bc1e3 e5
7.d5 Bf8e7
8.Qd1d2 O-O
9.O-O-O Nd7c5
10.f3 Bc8d7
11.h4 Nf6h5
12.f4 Nh5g3
13.Rh1h2 Nc5xe4
14.Nc3xe4 Ng3xe4
15.Qd2e1 exf4
16.Be3xf4 Be7f6
17.Be2d3 Ne4c5
18.Qe1g3 Nc5xd3
19.Rd1xd3 Bd7b5
20.Rd3f3 Rf8e8
21.Bf4h6 Qd8e7
22.Rf3e3 Bf6e5
23.Bh6f4 Be5xf4
24.Qg3xf4 Qe7xe3
25.Qf4xe3 Re8xe3
 { time }
0-1

[Event "Match"]
[Site "www.echecsemail.com"]
[Date "2018.06.21"]
[Round "1"]
[White "Conde7"]
[Black "Nimzo"]
[WhiteElo "2860"]
[BlackElo "2850"]
[Result "1/2-1/2"]
[Round "1"]
1.a3 d5
2.d4 Ng8f6
3.Ng1f3 e6
4.c4 Bf8e7
5.Nb1c3 O-O
6.Bc1f4 b6
7.e3 c5
8.dxc5 bxc5
9.Bf1e2 Nb8c6
10.Ra1c1 Bc8a6
11.cxd5 Ba6xe2
12.Qd1xe2 Nf6xd5
13.Bf4g3 Nd5xc3
14.Rc1xc3 Qd8d5
15.O-O Rf8d8
16.Qe2c2 Ra8c8
17.Rf1c1 e5
18.h4 h6
19.Rc3c4 Nc6a5
20.Rc4a4 Na5c6
21.Ra4c4 Nc6a5
22.Rc4a4 Na5c6
23.Qc2f5 Qd5b3
24.Ra4c4 Qb3xb2
25.Nf3xe5 Nc6xe5
26.Bg3xe5 Qb2xa3
27.Rc1a1 Qa3d3
28.Qf5xd3 Rd8xd3
29.Ra1xa7 Rd3d1
{ draw }
1/2-1/2

[Event "Match"]
[Site "www.echecsemail.com"]
[Date "2018.06.21"]
[Round "1"]
[White "Comrade"]
[Black "Liencam2"]
[WhiteElo "2310"]
[BlackElo "2300"]
[Result "0-1"]
[Round "1"]
1.c4 e5
2.Nb1c3 Nb8c6
3.Ng1f3 f5
4.d3 Ng8f6
5.a3 a5
6.e3 d5
7.cxd5 Nf6xd5
8.Bc1d2 Bf8e7
9.Bf1e2 Bc8e6
10.O-O O-O
11.Ra1c1 Nd5xc3
12.Bd2xc3 Be7d6
13.d4 exd4
14.Bc3xd4 Qd8e7
15.Qd1c2 Be6d5
16.Be2c4 Bd5xc4
17.Qc2xc4 Qe7f7
18.Nf3g5 Qf7xc4
19.Rc1xc4 Nc6e5
20.Rc4c3 Ra8e8
21.Rf1d1 h6
22.Ng5f3 Ne5xf3
23.gxf3 Re8e6
24.f4 b6
25.Rc3c6 Rf8d8
26.h4 Re6g6
27.Kh2 Bd6xf4
28.exf4 Rg6xc6
29.Rd1d2 Rc6d6
{ resign }
0-1

[Event "Match"]
[Site "www.echecsemail.com"]
[Date "2018.06.21"]
[Round "1"]
[White "Cathar"]
[Black "Gimmyg"]
[WhiteElo "2169"]
[BlackElo "2510"]
[Result "0-1"]
[Round "1"]
1.c4 e6
2.Nb1c3 c5
3.Ng1f3 Ng8f6
4.g3 Nb8c6
5.Bf1g2 d5
6.d4 dxc4
7.Qd1a4 Qd8b6
8.O-O Bc8d7
9.dxc5 Qb6xc5
10.Bc1e3 Qc5b4
11.Qa4xb4 Bf8xb4
12.Ra1c1 O-O
13.Nf3d2 Nc6a5
14.Nc3e4 Nf6xe4
15.Bg2xe4 Ra8c8
{ resign }
0-1

[Event "Tourn. n9828"]
[Site "www.echecsemail.com"]
[Date "2018.06.21"]
[Round "1"]
[White "Aniruddhadg"]
[Black "Coolant"]
[WhiteElo "2560"]
[BlackElo "2350"]
[Result "1-0"]
[Round "1"]
1.d4 Ng8f6
2.Bc1g5 c5
3.Nb1c3 cxd4
4.Qd1xd4 Nb8c6
5.Qd4h4 Qd8b6
6.O-O-O d6
7.e4 Bc8e6
8.Ng1h3 Ra8c8
9.Nh3f4 Nc6e5
10.Nf4xe6 fxe6
11.Qh4h3 Rc8xc3
12.Qh3xc3 Nf6xe4
13.Qc3c8 Kf7
14.Bg5e3 Qb6c6
15.Qc8xc6 Ne5xc6
16.Bf1b5 a6
17.Bb5xc6 bxc6
18.Rd1d4 d5
19.Rd4a4 c5
20.f3 d4
21.Be3xd4 { resign }
1-0

[Event "Tourn. n9829"]
[Site "www.echecsemail.com"]
[Date "2018.06.21"]
[Round "1"]
[White "Pablincho"]
[Black "Alvarin111"]
[WhiteElo "1809"]
[BlackElo "1820"]
[Result "1-0"]
[Round "1"]
1.e4 e6
2.Ng1f3 a6
3.a3 h6
4.Bf1c4 Nb8c6
5.Nb1c3 Ng8f6
6.h3 Bf8d6
7.d3 b5
8.Bc4a2 O-O
9.O-O Bc8b7
10.Bc1e3 Rf8e8
11.d4 Nf6h7
12.e5 Bd6e7
13.Nf3h2 f5
14.exf6 Be7xf6
15.f4 Nc6e7
16.Ra1c1 Ne7d5
17.Nc3xd5 Bb7xd5
18.Ba2b1  { time }
1-0

[Event "Match"]
[Site "www.echecsemail.com"]
[Date "2018.06.21"]
[Round "1"]
[White "Joseph1983"]
[Black "Lcbunghai"]
[WhiteElo "2160"]
[BlackElo "2110"]
[Result "1/2-1/2"]
[Round "1"]
1.d4 Ng8f6
2.c4 e6
3.Ng1f3 d5
4.cxd5 exd5
5.Nb1c3 Bf8e7
6.Qd1c2 O-O
7.Bc1f4 c6
8.a3 Bc8g4
9.Nf3e5 Nb8d7
10.Ne5xg4 Nf6xg4
11.h3 Ng4f6
12.e3 Ra8c8
13.b4 a5
14.Ra1b1 axb4
15.axb4 b5
16.Nc3a2 Nd7b6
17.Na2c1 Rf8e8
18.Nc1d3 Nb6c4
19.Qc2b3 Rc8a8
20.Bf1e2 Ra8a3
21.Qb3d1 h6
22.O-O Be7d6
23.Bf4xd6 Qd8xd6
24.Rb1a1 Re8a8
25.Ra1xa3 Ra8xa3
26.Nd3c5 Nc4b6
27.Qd1c1 Ra3a7
28.Qc1c3 Nb6c8
29.Rf1a1 Ra7xa1
30.Qc3xa1 Qd6b8
31.Qa1a6 Nc8e7
32.Be2d3 g6
33.g3 Kg7
34.Kg2 h5
35.e4 dxe4
36.Nc5xe4 Nf6xe4
37.Bd3xe4 Qb8d6
38.Qa6a1 Ne7d5
39.Be4xd5 { draw }
1/2-1/2

[Event "Tourn. n9808"]
[Site "www.echecsemail.com"]
[Date "2018.06.21"]
[Round "1"]
[White "Reda"]
[Black "Azulmarino"]
[WhiteElo "1790"]
[BlackElo "1630"]
[Result "1-0"]
[Round "1"]
1.d4 d5
2.Bc1f4 Nb8c6
3.Nb1c3 Ng8f6
4.Nc3b5 Ra8b8
5.Bf4xc7 Qd8d7
6.Bc7xb8 e6
7.Bb8g3 Bf8b4
8.c3 Bb4a5
9.Nb5d6 Ke7
10.Nd6b5 Rh8e8
11.Bg3d6 Kd8
12.Bd6e5 a6
13.Nb5a3 Nc6e7
14.e3 Qd7c6
15.Be5xf6 gxf6
16.Ng1f3 Ne7g6
17.Bf1d3 e5
18.dxe5 fxe5
19.e4 Ng6f4
20.O-O Qc6g6
21.Nf3h4 Qg6g5
22.g3 Bc8g4
23.gxf4 Bg4xd1
24.fxg5 Re8g8
25.Ra1xd1 Rg8xg5
26.Kh1 Rg5g4
27.Nh4f3 Ba5b6
28.Nf3xe5 Rg4f4
29.c4 Bb6xf2
30.Rd1d2 Bf2e3
31.Rf1xf4 Be3xf4
32.Ne5xf7 Ke8
33.Rd2f2 dxe4
34.Rf2xf4 exd3
35.Nf7e5 d2
36.Rf4d4 { resign }
1-0

[Event "Tourn. n9867"]
[Site "www.echecsemail.com"]
[Date "2018.06.21"]
[Round "1"]
[White "Alekpax"]
[Black "Libiesse"]
[WhiteElo "1859"]
[BlackElo "1950"]
[Result "1-0"]
[Round "1"]
1.e4 c5
2.Ng1f3 e6
3.d4 cxd4
4.Nf3xd4 Ng8f6
5.Qd1e2 d5
6.exd5 Qd8xd5
7.Nd4b5 Bf8b4
8.Nb1c3 Bb4a5
9.Nb5c7 { resign }
1-0

[Event "1/16 Finale"]
[Site "www.chess-mail.com"]
[Date "2018.06.21"]
[Round "1"]
[White "Osopanda"]
[Black "Szustan"]
[WhiteElo "1880"]
[BlackElo "2650"]
[Result "0-1"]
[Round "1"]
1.e4 e5
2.Ng1f3 Nb8c6
3.Bf1b5 a6
4.Bb5a4 Ng8f6
5.d3 d6
6.O-O Bf8e7
7.c3 O-O
8.Bc1e3 h6
9.Rf1e1 b5
10.Ba4c2 Bc8b7
11.Nb1d2 d5
12.exd5 Nf6xd5
13.Nd2e4 f5
14.Be3c5 fxe4
15.dxe4 Nd5f4
16.Qd1xd8 Ra8xd8
17.Bc5xe7 Nc6xe7
18.Nf3xe5 Rd8d2
19.Bc2b3 Kh7
20.Ra1d1 Rd2xb2
21.Ne5d7 Rf8c8
22.g3 Nf4h3
23.Kg2 Nh3xf2
24.Rd1d4 c5
25.Rd4d6 c4
26.Nd7b6 Nf2xe4
27.Kf3 Rc8f8
28.Kg4 Ne4f2
29.Kh4 Ne7f5
{ resign }
0-1

[Event "1/128 Finale"]
[Site "www.chess-mail.com"]
[Date "2018.06.21"]
[Round "1"]
[White "Gtx"]
[Black "Tonino1"]
[WhiteElo "1809"]
[BlackElo "1950"]
[Result "0-1"]
[Round "1"]
1.f4 d6
2.Ng1f3 Ng8f6
3.e3 g6
4.b3 Bf8g7
5.Bc1b2 O-O
6.Bf1e2 c6
7.O-O Qd8c7
8.Nb1c3 h6
9.a4 Bc8e6
10.h3 Nb8d7
11.Qd1e1 Nd7c5
12.g4 h5
13.Nf3g5 hxg4
14.Ng5xe6 Nc5xe6
15.hxg4 Nf6e4
16.Be2d3 Ne4xc3
17.Bb2xc3 Bg7xc3
18.dxc3 Ne6c5
19.g5 Kg7
20.Rf1f2 Rf8h8
21.Qe1e2 Rh8h4
22.Rf2h2 Ra8h8
23.Rh2xh4 Rh8xh4
24.Kg2 e5
25.Ra1h1 Rh4xh1
26.Kxh1 e4
27.Bd3c4 d5
28.Kg2 dxc4
29.Qe2xc4 Qc7d6
30.Qc4e2 b6
 { time }
0-1

[Event "Tourn. n9795"]
[Site "www.chess-mail.com"]
[Date "2018.06.22"]
[Round "1"]
[White "Seger"]
[Black "Conde7"]
[WhiteElo "2800"]
[BlackElo "2820"]
[Result "1/2-1/2"]
[Round "1"]
1.d4 Ng8f6
2.c4 e6
3.Nb1c3 Bf8b4
4.Ng1f3 O-O
5.e3 d5
6.Bf1d3 b6
7.cxd5 exd5
8.O-O c5
9.Bc1d2 Nb8c6
10.a3 Bb4xc3
11.Bd2xc3 c4
12.Nf3e5 Nc6e7
13.Bd3c2 Bc8f5
14.f3 Bf5xc2
15.Qd1xc2 Rf8e8
16.Rf1e1 Ra8c8
17.Ra1d1 Qd8c7
18.e4 h6
19.Qc2f2 Rc8d8
20.h3 a5
21.a4 Ne7c8
22.Ne5g4 Nf6xg4
23.hxg4 Rd8d6
24.exd5 Nc8e7
25.Re1e5 Re8d8
26.Rd1e1 Ne7xd5
27.Re5e8 Rd8xe8
28.Re1xe8 Kh7
29.Qf2e2 Rd6d7
30.Kf2 g6
31.Qe2e5 Qc7xe5
32.Re8xe5 Rd7d8
33.g3 Kg7
{ draw }
1/2-1/2

[Event "Tourn. n9795"]
[Site "www.chess-mail.com"]
[Date "2018.06.22"]
[Round "1"]
[White "Pdebonis"]
[Black "Seger"]
[WhiteElo "2690"]
[BlackElo "2800"]
[Result "1/2-1/2"]
[Round "1"]
1.d4 d5
2.c4 e6
3.Nb1c3 Ng8f6
4.cxd5 exd5
5.Bc1g5 Bf8e7
6.e3 h6
7.Bg5h4 c6
8.Bf1d3 O-O
9.Qd1c2 Rf8e8
10.Ng1e2 Nb8d7
11.f3 Be7d6
12.e4 dxe4
13.fxe4 c5
14.O-O-O cxd4
15.Ne2xd4 Bd6e5
16.Nd4f3 Be5xc3
17.Qc2xc3 Qd8b6
18.Rh1e1 g5
19.Bh4g3 Nd7c5
20.Bg3e5 Nc5xd3
21.Rd1xd3 Bc8e6
22.Be5c7 Qb6b5
23.a4 Qb5c4
24.Qc3xc4 Be6xc4
25.Rd3c3 Bc4e6
26.Bc7e5 Nf6h5
27.a5 b6
28.axb6 axb6
29.Kc2 b5
30.Nf3d4 { draw }
1/2-1/2

[Event "Match"]
[Site "www.echecsemail.com"]
[Date "2018.06.22"]
[Round "1"]
[White "Tonino1"]
[Black "Calponas"]
[WhiteElo "2220"]
[BlackElo "2150"]
[Result "1-0"]
[Round "1"]
1.d4 f5
2.f4 Ng8f6
3.e3 e6
4.Bf1d3 Bf8e7
5.Ng1f3 d6
6.O-O b6
7.c3 Bc8b7
8.Nb1d2 Nb8d7
9.Nf3g5 Nd7f8
10.Qd1e2 h6
11.Ng5f3 Nf8g6
12.g3 Qd8d7
13.e4 fxe4
14.Nd2xe4 O-O-O
15.Ne4xf6 Ng6xf4
16.Bc1xf4 Be7xf6
17.Ra1e1 Rh8e8
18.g4 Bf6h4
19.Nf3xh4 { resign }
1-0

[Event "Tourn. n9828"]
[Site "www.echecsemail.com"]
[Date "2018.06.22"]
[Round "1"]
[White "Tonino1"]
[Black "Tartan"]
[WhiteElo "2200"]
[BlackElo "2500"]
[Result "0-1"]
[Round "1"]
1.d4 Ng8f6
2.g4 Nf6xg4
3.e4 d6
4.h3 Ng4f6
5.Bf1g2 e5
6.dxe5 dxe5
7.Qd1xd8 Kxd8
8.Bc1g5 Bf8b4
9.c3 Bb4c5
10.Ng1f3 Nb8c6
11.Nb1d2 Bc8e6
12.Nd2b3 Bc5b6
13.O-O-O Kc8
14.Bg5xf6 gxf6
15.Rd1d2 a5
16.Nf3h4 a4
17.Nb3a1 Be6xa2
18.Nh4f5 Ba2e6
19.Na1c2 Nc6a5
20.Nf5e7 Kb8
21.Kb1 Na5c4
22.Rd2e2 a3
23.b3 a2
24.Ka1 Nc4a5
25.b4 Na5b3
26.Kb2 a1Q
27.Nc2xa1 Nb3d4
28.Re2d2 Ra8a2
29.Kb1 Ra2xd2
30.cxd4 Be6c4
31.d5 Rd2xf2
 { time }
0-1

[Event "Tourn. n9867"]
[Site "www.echecsemail.com"]
[Date "2018.06.22"]
[Round "1"]
[White "Libiesse"]
[Black "Cvilhena1976"]
[WhiteElo "1950"]
[BlackElo "1859"]
[Result "0-1"]
[Round "1"]
1.d4 d5
2.c4 e5
3.cxd5 Qd8xd5
4.Ng1f3 exd4
5.Nb1c3 Bf8b4
6.Bc1f4 dxc3
7.Qd1xd5 cxb2
{ resign }
0-1

[Event "Tourn. n9807"]
[Site "www.echecsemail.com"]
[Date "2018.06.22"]
[Round "1"]
[White "Krystek23"]
[Black "Coolant"]
[WhiteElo "2520"]
[BlackElo "2370"]
[Result "1-0"]
[Round "1"]
1.Ng1f3 Ng8f6
2.c4 g6
3.Nb1c3 Bf8g7
4.g3 O-O
5.Bf1g2 d6
6.d4 Nb8d7
7.O-O c6
8.b3 e5
9.Qd1c2 Rf8e8
10.dxe5 dxe5
11.e4 Qd8c7
12.Bc1b2 a5
13.Nc3a4 b6
14.Bb2c1 Bc8a6
15.Bc1e3 c5
16.Na4c3 Ra8d8
17.Be3g5 h6
18.Nc3d5 Qc7c6
19.Bg5e3 Nf6xd5
20.exd5 Qc6d6
21.Nf3h4 f5
22.Ra1d1 Re8f8
23.f3 Qd6f6
24.Bg2h3 Rf8f7
25.Nh4g2 g5
26.Ng2e1 h5
27.Ne1d3 Ba6c8
28.Bh3g2 f4
29.Be3c1 Qf6f5
30.Qc2f2 Nd7f6
31.Rf1e1 Nf6e8
32.Bc1b2 Rf7e7
33.gxf4 gxf4
34.Kh1 Ne8d6
35.Re1g1 Kh7
36.Qf2h4 Bg7f6
37.Qh4e1 Rd8g8
38.Qe1e2 h4
39.Nd3f2 Qf5h5
40.Bg2h3 Bc8xh3
41.Nf2xh3 Re7g7
42.Rg1xg7 Rg8xg7
43.Nh3xf4 Qh5f5
44.Nf4g2 h3
45.Ng2e3 Qf5g6
46.Ne3g4 Rg7e7
47.Rd1g1 Bf6g5
48.Qe2f1 Qg6h5
49.Bb2xe5 Nd6f5
50.f4 Bg5h4
51.Qf1xh3 { resign }
1-0

[Event "Match"]
[Site "www.echecsemail.com"]
[Date "2018.06.22"]
[Round "1"]
[White "Liencam2"]
[Black "Gidgud"]
[WhiteElo "2330"]
[BlackElo "2109"]
[Result "1-0"]
[Round "1"]
1.e4 e6
2.d4 d5
3.Nb1d2 c5
4.Ng1f3 Nb8c6
5.Bf1b5 Bc8d7
6.exd5 exd5
7.O-O Qd8b6
8.Qd1e2 Bf8e7
9.dxc5 Qb6xc5
10.Nd2b3 Qc5d6
11.Rf1e1 a6
12.Bb5xc6 bxc6
13.Bc1g5 f6
14.Bg5e3 h5
15.Be3c5 { resign }
1-0

[Event "Match"]
[Site "www.echecsemail.com"]
[Date "2018.06.22"]
[Round "1"]
[White "Alessiov"]
[Black "Guillaumefi"]
[WhiteElo "1580"]
[BlackElo "1880"]
[Result "1-0"]
[Round "1"]
1.e4 c5
2.Ng1f3 d6
3.d4 cxd4
4.Nf3xd4 a6
5.c4 e5
6.Nd4c2 Ng8f6
7.Nb1c3 g6
8.Bf1e2 Bf8g7
9.Bc1e3 O-O
10.f3 Nb8d7
11.Qd1xd6 b6
12.O-O-O Nf6e8
13.Qd6d2 Qd8c7
14.g4 Ne8f6
15.g5 Nf6h5
16.Nc3d5 Qc7d8
17.Nd5xb6 Ra8a7
18.Nb6xc8 Qd8xc8
19.Be3xa7 { resign }
1-0

[Event "Match"]
[Site "www.echecsemail.com"]
[Date "2018.06.22"]
[Round "1"]
[White "Fangshuo"]
[Black "Juheset"]
[WhiteElo "2130"]
[BlackElo "1970"]
[Result "1-0"]
[Round "1"]
1.e4 e5
2.Ng1f3 Nb8c6
3.Nb1c3 Bf8c5
4.Nf3xe5 Nc6xe5
5.d4 Qd8e7
6.dxc5 Qe7xc5
7.Bc1e3 Qc5e7
8.f4 Ne5c6
9.e5 Nc6xe5
10.fxe5 Qe7xe5
11.Qd1f3 c6
12.O-O-O d5
13.Nc3xd5 cxd5
14.Bf1b5 Bc8d7
15.Bb5xd7 Kf8
16.Be3c5  { time }
1-0

[Event "Tourn. n9824"]
[Site "www.echecsemail.com"]
[Date "2018.06.22"]
[Round "1"]
[White "Juheset"]
[Black "Tonino1"]
[WhiteElo "2059"]
[BlackElo "2060"]
[Result "1-0"]
[Round "1"]
1.Ng1f3 d6
2.e4 c6
3.c4 Qd8c7
4.d4 e5
5.dxe5 dxe5
6.Nb1c3 Ng8f6
7.Bf1d3 Bf8e7
8.h3 O-O
9.a3 h6
10.Qd1c2 Bc8e6
11.b3 Nb8d7
12.Bc1e3 Nd7c5
13.Be3xc5 Be7xc5
14.b4 Bc5d4
15.Nf3xd4 exd4
16.Nc3e2 c5
17.g3 Ra8d8
18.b5 b6
19.Ne2f4 Be6d7
20.O-O-O Qc7c8
21.e5 Nf6e8
22.Nf4d5 Bd7e6
23.Nd5e7 Kh8
24.Ne7xc8 Rd8xc8
25.f4  { time }
1-0

[Event "1/64 Finale"]
[Site "www.chess-mail.com"]
[Date "2018.06.22"]
[Round "1"]
[White "Jaroslavpech"]
[Black "Senitram"]
[WhiteElo "2390"]
[BlackElo "2600"]
[Result "1/2-1/2"]
[Round "1"]
1.e4 c5
2.Ng1f3 d6
3.d4 cxd4
4.Nf3xd4 Ng8f6
5.Nb1c3 g6
6.Bc1e3 Bf8g7
7.f3 a6
8.Qd1d2 h5
9.O-O-O b5
10.Kb1 Bc8b7
11.a4 O-O
12.axb5 axb5
13.Bf1xb5 Qd8c7
14.Be3h6 Nb8c6
15.Bh6xg7 Kxg7
16.Nd4xc6 Bb7xc6
17.Bb5xc6 Qc7xc6
18.b3 Qc6a6
19.Nc3a4 Rf8b8
20.Kc1 Qa6b7
21.Qd2c3 Rb8c8
22.Qc3b2 Kg8
23.Rd1d4 Nf6d7
24.Rh1d1 Ra8a6
25.Kb1 Qb7a7
26.Rd4b4 Nd7c5
27.Rd1d4 Nc5xa4
28.Rb4xa4 Ra6xa4
29.bxa4 e5
30.Rd4b4 Qa7g1
31.Ka2 Rc8c6
32.Rb4b8 Kg7
33.Rb8b7 Qg1d1
34.Kb3 h4
35.h3 Kh6
36.Rb7b4 f6
37.a5 Rc6c5
38.Qb2a2 Qd1d2
39.c4 Qd2d3
40.Kb2 Qd3e2
41.Kb3 Qe2e3
42.Kb2 Qe3e2
43.Kb3 Qe2e3
44.Kb2 Qe3e2

1/2-1/2

[Event "Match"]
[Site "www.echecsemail.com"]
[Date "2018.06.23"]
[Round "1"]
[White "Trusivka"]
[Black "Fangshuo"]
[WhiteElo "1590"]
[BlackElo "2130"]
[Result "0-1"]
[Round "1"]
1.Ng1f3 e6
2.c4 c5
3.e3 Nb8c6
4.d4 d5
5.Nb1c3 Ng8e7
6.dxc5 Ne7f5
7.Ra1b1 d4
8.Nc3e4 b6
9.g4 Nf5h4
10.Nf3xh4 Qd8xh4
11.Bf1g2 Bc8d7
12.Ne4d6 Bf8xd6
13.cxd6 Ra8c8
14.h3 dxe3
15.Kf1 Qh4xf2
{ resign }
0-1

[Event "Match"]
[Site "www.echecsemail.com"]
[Date "2018.06.23"]
[Round "1"]
[White "Ketchuplover"]
[Black "Krystek23"]
[WhiteElo "1950"]
[BlackElo "2540"]
[Result "0-1"]
[Round "1"]
1.Ng1f3 Ng8f6
2.c4 g6
3.b3 Bf8g7
4.Bc1b2 c5
5.g3 Nb8c6
6.Bf1g2 d6
7.Nb1a3 O-O
8.O-O Bc8d7
9.d4 cxd4
10.Nf3xd4 Nc6xd4
11.Bb2xd4 Bd7c6
12.Na3c2 Qd8c7
13.Ra1b1 e5
14.Bd4a1 Bc6xg2
15.Kxg2 b5
16.cxb5 Rf8e8
17.f3 Ra8c8
18.Nc2b4 Qc7a5
19.Nb4c6 Qa5b6
20.a4 Re8e6
21.e4 a6
22.Qd1d3 axb5
23.axb5 Rc8c7
24.Ba1c3 Rc7b7
25.Bc3a5 Qb6xb5
26.Qd3xb5 Rb7xb5
27.b4 d5
28.Nc6a7 Rb5b7
29.Na7c8 dxe4
30.fxe4 Re6c6
31.Nc8b6 Nf6xe4
32.Rb1b2 Rc6xb6
33.Ba5xb6 Rb7xb6
34.Rf1c1 Ne4d6
35.Rb2b3 e4
36.Kf2 Bg7d4
37.Ke2 Nd6b5
38.Rc1c8 Kg7
39.h3 Rb6a6
40.Rc8c2 Bd4b6
{ resign }
0-1

[Event "Match"]
[Site "www.echecsemail.com"]
[Date "2018.06.23"]
[Round "1"]
[White "Cvilhena1976"]
[Black "Caspito"]
[WhiteElo "1499"]
[BlackElo "1920"]
[Result "1-0"]
[Round "1"]
1.e4 e5
2.Ng1f3 Nb8c6
3.Bf1c4 h6
4.Nb1c3 Bf8c5
5.d3 Qd8f6
6.Bc1e3 Bc5xe3
7.fxe3 d6
8.O-O Bc8g4
9.Qd1e1 Ng8e7
10.Nf3d4 Qf6g6
11.Bc4xf7 Qg6xf7
12.Rf1xf7 Kxf7
13.Qe1f2 Ke8
14.Nd4xc6 Ne7xc6
15.Nc3d5 Rh8f8
16.Qf2g3 h5
17.Nd5xc7 Kd7
18.Nc7xa8 Rf8xa8
19.h3 Bg4e6
20.Qg3xg7 Nc6e7
21.Qg7h7 Ra8g8
22.Qh7xh5 b5
23.d4 a5
24.d5 { resign }
1-0

[Event "Match"]
[Site "www.echecsemail.com"]
[Date "2018.06.23"]
[Round "1"]
[White "Trusivka"]
[Black "Dougbeer"]
[WhiteElo "1540"]
[BlackElo "1639"]
[Result "0-1"]
[Round "1"]
1.Ng1f3 f5
2.e3 Ng8f6
3.d4 e6
4.c4 b6
5.b3 Bc8b7
6.Bf1d3 Bf8d6
7.h3 O-O
8.d5 Nb8a6
9.Nf3d4 Na6c5
10.Bd3c2 exd5
11.cxd5 Bb7xd5
12.Rh1g1 Nc5e4
13.f3 Bd6g3
14.Ke2 Ne4f2
15.Qd1f1 Bd5b7
16.Bc1d2 Bb7a6
17.Ke1 Ba6xf1
18.Kxf1 f4
19.Nb1c3 Nf6h5
20.Ra1b1 Qd8g5
21.e4 Qg5c5
22.Nd4e2 Nf2g4
23.Ne2d4 Qc5xd4
24.Rg1h1 Qd4f2
{ resign }
0-1

[Event "Tourn. n9834"]
[Site "www.echecsemail.com"]
[Date "2018.06.23"]
[Round "1"]
[White "Juheset"]
[Black "Fantomas"]
[WhiteElo "2010"]
[BlackElo "2140"]
[Result "0-1"]
[Round "1"]
1.e3 b6
2.d4 Bc8b7
3.Ng1f3 Ng8f6
4.Bf1d3 d5
5.Nf3d2 Nb8d7
6.c4 dxc4
7.Nd2xc4 Bb7xg2
8.Rh1g1 Bg2b7
9.b3 e6
10.Bc1b2 Nf6d5
11.e4 Nd5f4
12.Nb1c3 Nf4xd3
13.Qd1xd3 Nd7f6
14.f3 Nf6h5
15.Nc4e5 Nh5f4
16.Qd3b5 c6
17.Ne5xc6 Qd8d7
18.Nc6e5 Qd7xb5
19.Nc3xb5 Bf8b4
20.Bb2c3 Bb4xc3
21.Nb5xc3 O-O
22.O-O-O Ra8c8
 { time }
0-1

[Event "Match"]
[Site "www.echecsemail.com"]
[Date "2018.06.23"]
[Round "1"]
[White "Dussek"]
[Black "Trusivka"]
[WhiteElo "1750"]
[BlackElo "1499"]
[Result "1-0"]
[Round "1"]
1.e4 c5
2.c3 d6
3.d4 e5
4.d5 Ng8f6
5.Bc1g5 Nf6xe4
6.Bg5xd8 Kxd8
7.Bf1d3 f5
8.Nb1d2 Bf8e7
9.Ng1f3 Be7f6
10.O-O Nb8a6
11.Qd1a4 Na6c7
12.Nd2xe4 Nc7xd5
13.Ne4xd6 f4
14.Nd6f7 Kc7
15.Nf7xh8 Bc8d7
16.Bd3b5 Bd7c8
17.Nh8f7 e4
18.Qa4xe4 Bf6h4
19.Qe4e5 Kb6
20.Nf7d6 Bc8f5
21.Qe5xd5 Bf5e4
22.Qd5xe4 Ra8b8
23.Nf3e5 a6
24.Bb5d7 Rb8d8
25.Qe4xb7 { resign }
1-0

[Event "Tourn. n9852"]
[Site "www.echecsemail.com"]
[Date "2018.06.23"]
[Round "1"]
[White "Cathar"]
[Black "Bojan"]
[WhiteElo "2170"]
[BlackElo "2030"]
[Result "1-0"]
[Round "1"]
1.e4 e5
2.Nb1c3 h6
3.Bf1c4 d6
4.d3 Ng8f6
5.Ng1e2 Nb8c6
6.O-O Nc6a5
7.f3 c6
8.a4 Na5xc4
9.dxc4 Bc8e6
10.b3 a6
11.Bc1b2 Bf8e7
12.Qd1d3 Nf6h7
13.Ra1d1 f6
14.Bb2a3 Qd8d7
15.Ba3xd6 Be7xd6
16.Qd3xd6 Qd7xd6
17.Rd1xd6 Ke7
18.Rf1d1 Nh7g5
19.a5 Ng5f7
20.Rd6d2 g5
21.Nc3a4 Ra8b8
22.Na4c5 Be6c8
23.Ne2g3 h5
24.Ng3f5 Ke8
25.Nf5d6 Nf7xd6
26.Rd2xd6 Ke7
27.Kf2 g4
28.Ke3 Rh8g8
29.f4 exf4
30.Kxf4 Rg8e8
31.Nc5d7 Rb8a8
32.Nd7xf6 Re8h8
33.Ke5 Rh8h6
34.Nf6g8 { resign }
1-0

[Event "Tourn. n9835"]
[Site "www.echecsemail.com"]
[Date "2018.06.23"]
[Round "1"]
[White "Reda"]
[Black "Cal"]
[WhiteElo "1680"]
[BlackElo "1660"]
[Result "1-0"]
[Round "1"]
1.d4 d5
2.Bc1f4 Nb8c6
3.Nb1c3 a6
4.e3 h6
5.Qd1f3 e6
6.O-O-O Ng8f6
7.Bf1d3 Bf8e7
8.e4 Nc6xd4
9.Qf3g3 Be7b4
10.Nc3b1 O-O
11.c3 Bb4xc3
12.Nb1xc3 dxe4
13.Bd3xe4 c6
14.Bf4e5 Nd4f5
15.Be4xf5 exf5
16.Rd1xd8 Rf8xd8
17.Be5xf6 g5
18.Bf6xd8 Bc8e6
19.Bd8b6 Ra8e8
20.Qg3c7 Kg7
21.Qc7xb7 Be6xa2
22.Bb6d4 Kg6
23.Qb7xa6 Ba2b3
24.Qa6xc6 Re8e6
25.Qc6b7 Bb3c4
26.Ng1f3 Bc4d3
27.Qb7c7 h5
28.Rh1e1 Re6a6
29.Nf3e5 Kg7
30.Ne5xd3 Kg6
31.Qc7b6 Ra6xb6
32.Nd3e5 Kh7
33.Ne5xf7 g4
34.Nc3d5 Rb6b7
35.Re1e7 Rb7b5
36.Nf7d6 Kg8
37.Nd5f6 Kf8
38.Nd6xb5 Kxe7
39.Nf6xh5 { resign }
1-0

[Event "Tourn. n9860"]
[Site "www.echecsemail.com"]
[Date "2018.06.23"]
[Round "1"]
[White "Fantomas"]
[Black "Amaya"]
[WhiteElo "2110"]
[BlackElo "2160"]
[Result "1-0"]
[Round "1"]
1.e4 e6
2.f4 d5
3.exd5 exd5
4.Ng1f3 Ng8f6
5.d4 Bf8d6
6.Bf1d3 O-O
7.O-O Bc8g4
8.Qd1e1 Rf8e8
9.Nf3e5 Bd6xe5
10.fxe5 Nb8c6
11.Qe1h4 Nc6xe5
12.dxe5 Re8xe5
13.Bc1g5 Re5xg5
14.Qh4xg5 c6
15.Nb1d2 Qd8d6
16.Rf1xf6 Qd6xf6
17.Qg5xg4 Qf6xb2
18.Ra1f1 Ra8e8
19.Qg4f5 Qb2d4
20.Kh1 Qd4f6
21.Qf5xh7 { resign }
1-0

[Event "Tourn. n9828"]
[Site "www.echecsemail.com"]
[Date "2018.06.23"]
[Round "1"]
[White "Tartan"]
[Black "Aniruddhadg"]
[WhiteElo "2500"]
[BlackElo "2560"]
[Result "1/2-1/2"]
[Round "1"]
1.d4 Ng8f6
2.Ng1f3 e6
3.c4 b6
4.g3 Bc8a6
5.b3 d5
6.Bf1g2 Bf8b4
7.Bc1d2 Bb4e7
8.cxd5 exd5
9.O-O O-O
10.Nb1c3 Ba6b7
11.Bd2c1 Nf6e4
12.Bc1b2 Ne4xc3
13.Bb2xc3 a5
14.Bc3b2 Nb8d7
{ draw }
1/2-1/2

[Event "Match"]
[Site "www.echecsemail.com"]
[Date "2018.06.23"]
[Round "1"]
[White "Dougbeer"]
[Black "Tonino1"]
[WhiteElo "1689"]
[BlackElo "2220"]
[Result "1-0"]
[Round "1"]
1.e4 d6
2.d4 Ng8f6
3.Bf1d3 c6
4.Ng1f3 Qd8c7
5.O-O e5
6.dxe5 dxe5
7.Nb1d2 Bf8e7
8.Nd2c4 Nb8d7
9.b3 O-O
10.Bc1b2 Be7d6
11.Qd1e2 b5
12.Nc4xd6 Qc7xd6
13.Rf1d1 Qd6c7
14.a4 b4
15.c3 a5
16.cxb4 axb4
17.Ra1c1 Rf8e8
18.Qe2e1 Qc7b6
19.Nf3d2 Nd7c5
20.Qe1e3 Nf6d7
21.Nd2c4 Qb6d8
22.Bd3f1 Qd8e7
23.Nc4d6 Ra8a5
24.Nd6xe8 Qe7xe8
25.Qe3d2 Nc5xb3
26.Qd2xb4 Nb3xc1
27.Qb4xa5 Nc1b3
28.Qa5c7 Nb3c5
29.a5 Nc5xe4
30.a6 Ne4c5
31.a7 Bc8b7
32.Rd1xd7 Nc5xd7
33.Qc7xb7  { time }
1-0

[Event "Match"]
[Site "www.echecsemail.com"]
[Date "2018.06.23"]
[Round "1"]
[White "Fangshuo"]
[Black "Gidgud"]
[WhiteElo "2130"]
[BlackElo "2270"]
[Result "0-1"]
[Round "1"]
1.e4 e6
2.Bf1b5 a6
3.Bb5a4 b5
4.Ba4b3 Bc8b7
5.e5 Qd8g5
6.g3 Qg5xe5
7.Ng1e2 Bb7xh1
8.d4 Qe5h5
9.Bc1e3 Bh1d5
10.Ne2f4 Qh5xd1
11.Kxd1 Bd5xb3
12.cxb3 Ng8f6
13.Nb1c3 Nf6g4
14.h3 Ng4xe3
15.fxe3 Nb8c6
16.a3 Nc6e7
17.e4 d5
18.exd5 exd5
19.Nc3xd5 Ne7xd5
20.Nf4xd5 O-O-O
21.Nd5b4 Bf8xb4
22.axb4 Rd8xd4
23.Kc2 Kb7
{ resign }
0-1

[Event "Match"]
[Site "www.echecsemail.com"]
[Date "2018.06.23"]
[Round "1"]
[White "Llord"]
[Black "J1j6"]
[WhiteElo "1900"]
[BlackElo "1809"]
[Result "0-1"]
[Round "1"]
1.e4 c6
2.d4 e5
3.dxe5 Qd8a5
4.Bc1d2 Qa5xe5
5.Nb1c3 d5
6.Bf1d3 dxe4
7.f4 Qe5e7
8.Bd3c4 Qe7c5
9.Bc4b3 Bc8f5
10.Qd1h5 g6
11.Qh5e2 Bf8g7
12.O-O-O Ng8f6
13.Ng1f3 O-O
14.Nf3e5 Nf6d5
15.Nc3xd5 cxd5
16.Bd2e3 Qc5c7
17.Bb3xd5 Nb8a6
18.g4 Bf5c8
19.Bd5xe4 Bg7xe5
20.fxe5 Qc7xe5
21.Be4d5 Na6b4
22.Bd5b3 Rf8e8
23.Qe2f1 Qe5xe3
24.Kb1 Bc8e6
25.Rd1e1 Qe3c5
26.Re1e2 Be6xb3
27.cxb3 Re8c8
28.Re2f2 Rc8c7
29.a3 Nb4d5
30.Rh1g1 Qc5e3
31.Rg1g3 Qe3g5
32.Rg3f3 Nd5e3
33.Qf1e2 Ne3xg4
34.Rf3g3 Qg5c1
35.Ka2 Ng4xf2
36.Qe2xf2 Rc7c2
{ resign }
0-1